| 000 | 00371cam a2200157ua 4500 | ||
|---|---|---|---|
| 003 | OSt | ||
| 008 | 241226b |||||||| |||| 00| 0 eng d | ||
| 041 | _aeng | ||
| 082 |
_a621.3192 _bCHA/PU |
||
| 100 |
_aChatterjee, B . _96595 |
||
| 245 | _aPulse circuits / | ||
| 250 | _a1 / | ||
| 260 |
_aMumbai : _bAsia Publishing House , _c1963. |
||
| 300 | _a159 ; . | ||
| 942 | _cBK | ||
| 999 |
_c9016 _d9016 |
||